00813 2200217 4500245006700000020002200067250001100089100001900100700001500119700001800134700000900152650002000161650003100181005001900212260002900231041001400260084001100274300002700285500027400312336000900586 aAminah b : Senandung Rindu Bunda RasulcNuriye CelegenhText a978-602-215-033-6 aCet. 2 aNuriye Celegen aAbdul Azis aAndi Setiawan aKoeh aSirah Nabawiyah aMukjizat Nabi Muhammad SAW a20240221142624 aDepokbKaysa Mediac2018 aIndonesia a297.63 avi, 290 hlm. :c20 cm. aBuku ini menceritakan harta karun cinta dengan jalan cinta dan perasaan agar cinta ini sampai kepada hati dan segenggam rahasia cinta itu bisa merasuk ke dalamnya. Di dalam buku ini, Aminah dan dan Halimah menjelaskan cinta sebagai seorang ibu kepada anak-anak mereka. atext